|
|
|
|
| LEADER |
00829nam a2200229 a 4500 |
| 001 |
574377 |
| 008 |
090630s1961 nju 000 0 eng d |
| 010 |
|
|
|a 61001706
|
| 040 |
|
|
|c ORL
|d FQG
|
| 082 |
0 |
0 |
|a 692.3
|2 16
|
| 100 |
1 |
0 |
|a Edwards, H. Griffith.
|
| 245 |
1 |
0 |
|a Specifications.
|
| 250 |
|
|
|a 2d ed.
|
| 260 |
|
|
|a Princeton, N. J.:
|b Van Nostrand
|c 1961
|
| 300 |
|
|
|a 372 p.
|b illus.
|c 24 cm.
|
| 490 |
1 |
|
|a A Technical series on building construction
|
| 541 |
1 |
|
|e 00012881
|
| 650 |
|
0 |
|a Buildings
|x Specifications.
|
| 650 |
|
0 |
|a Construction contracts
|
| 852 |
4 |
|
|a Ayesha Abed Library
|j General Shelf.
|
| 999 |
|
|
|c 2074
|d 2074
|
| 952 |
|
|
|0 0
|1 4
|2 ddc
|4 0
|6 692_300000000000000_EDW
|7 0
|9 1907
|a BRACUL
|b BRACUL
|c GEN
|d 2009-07-07
|g 0.00
|l 2
|m 12
|o 692.3 EDW
|p 3010012881
|r 2014-12-21
|s 2014-05-28
|t 1
|w 2009-07-07
|y BK
|x No price found in the accession register.
|